Vývoj ošetřovatelství v Čechách
Začiatky ošetrovateľstva v stredoveku. Významné postavy histórie ošetrovateľstva. Školy pre ošetrovateľky. Práca a životné podmienky ošetrovateliek na začiatku 20. storočia. Druhá svetová vojna. Povojnové roky a 50. roky. Pracovné a životné podmienky sestier.
Gespeichert in:
| 1. Verfasser: | |
|---|---|
| Format: | Buchkapitel |
| Sprache: | Tschechisch |
| Schlagworte: | |
| Tags: |
Keine Tags, Fügen Sie das erste Tag hinzu!
|
MARC
| LEADER | 00000nla a2200000 4500 | ||
|---|---|---|---|
| 001 | 0200018 | ||
| 005 | 20240417075056.7 | ||
| 041 | 0 | |a cze | |
| 044 | |a CZ | ||
| 245 | 1 | 0 | |a Vývoj ošetřovatelství v Čechách |c Magdaléna Lavičková |
| 520 | |a Začiatky ošetrovateľstva v stredoveku. Významné postavy histórie ošetrovateľstva. Školy pre ošetrovateľky. Práca a životné podmienky ošetrovateliek na začiatku 20. storočia. Druhá svetová vojna. Povojnové roky a 50. roky. Pracovné a životné podmienky sestier. | ||
| 610 | 2 | 0 | |a zdravotníctvo |
| 610 | 2 | 0 | |a starostlivosť o zdravie |
| 610 | 2 | 0 | |a ženy |
| 610 | 2 | 0 | |a povolanie |
| 610 | 2 | 0 | |a história |
| 610 | 2 | 0 | |a Česko |
| 100 | 1 | |a Lavičková, Magdaléna | |